[Event "ODJM C 2025"]
[Site "Willingen GER"]
[Date "2025.06.10"]
[Round "4"]
[White "Kudinov, Mykhailo"]
[Black "Prokscha, Marlene"]
[Result "0-1"]
[Termination "normal"]
[Board "11"]
[WhiteElo "1139"]
[BlackElo "1560"]
[WhiteClock "01:27:34"]
[BlackClock "00:31:00"]
[PlyCount "120"]
[WhiteFideId "533034176"]
[BlackFideId "34631291"]
[EventCountry "GER"]
[EventRounds "9"]
[EventType "swiss"]
[EventDate "2025.06.07"]

1. e4 {[%clk 01:30:59]} e6 {[%clk 01:30:49]} {[%emt 00:00:13]} 2. d4 {[%clk
01:31:24]} {[%emt 00:00:05]} d5 {[%clk 01:31:13]} {[%emt 00:00:04]} 3. exd5
{[%clk 01:31:51]} {[%emt 00:00:04]} exd5 {[%clk 01:31:38]} {[%emt 00:00:05]} 4.
Nf3 {[%emt 00:00:13]} Bg4 {[%clk 01:31:22]} {[%emt 00:00:43]} 5. h3 {[%clk
01:32:33]} {[%emt 00:00:07]} Bh5 {[%clk 01:31:45]} {[%emt 00:00:07]} 6. Bd3
{[%clk 01:32:50]} {[%emt 00:00:13]} Nc6 {[%clk 01:31:52]} {[%emt 00:00:23]} 7.
Bf4 {[%clk 01:32:49]} {[%emt 00:00:31]} Nxd4 {[%clk 01:29:20]} {[%emt
00:03:02]} 8. Nbd2 {[%clk 01:32:11]} {[%emt 00:01:08]} Bd6 {[%clk 01:26:15]}
{[%emt 00:03:36]} 9. Bxd6 {[%clk 01:32:16]} {[%emt 00:00:25]} Qxd6 {[%clk
01:26:22]} {[%emt 00:00:22]} 10. O-O {[%clk 01:32:28]} {[%emt 00:00:18]} Ne7
{[%clk 01:26:04]} {[%emt 00:00:47]} 11. c3 {[%clk 01:32:39]} {[%emt 00:00:21]}
Nxf3+ {[%clk 01:25:04]} {[%emt 00:01:30]} 12. Nxf3 {[%clk 01:33:00]} {[%emt
00:00:09]} O-O {[%clk 01:25:08]} {[%emt 00:00:26]} 13. Bc2 {[%clk 01:33:08]}
{[%emt 00:00:22]} Rad8 {[%clk 01:19:34]} {[%emt 00:06:03]} 14. Qd3 {[%clk
01:33:22]} {[%emt 00:00:16]} Bg6 {[%clk 01:19:25]} {[%emt 00:00:39]} 15. Qd2
{[%clk 01:33:17]} {[%emt 00:00:35]} Bxc2 {[%clk 01:19:15]} {[%emt 00:00:40]}
16. Qxc2 {[%clk 01:33:39]} {[%emt 00:00:08]} Qg6 {[%clk 01:19:09]} {[%emt
00:00:35]} 17. Qb3 {[%clk 01:32:11]} {[%emt 00:02:00]} b6 {[%clk 01:11:15]}
{[%emt 00:08:24]} 18. Rfe1 {[%emt 00:00:41]} Rfe8 {[%clk 01:08:20]} {[%emt
00:03:16]} 19. Qa3 {[%clk 01:31:03]} {[%emt 00:01:36]} Nc6 {[%clk 01:05:04]}
{[%emt 00:03:46]} 20. Nh4 {[%clk 01:29:11]} {[%emt 00:02:21]} Qf6 {[%clk
01:02:15]} {[%emt 00:03:20]} 21. Qa4 {[%clk 01:27:55]} {[%emt 00:01:45]} a5
{[%clk 00:59:32]} {[%emt 00:03:14]} 22. Nf5 {[%clk 01:27:47]} {[%emt 00:00:37]}
Re6 {[%clk 00:49:41]} {[%emt 00:10:18]} 23. Ng3 {[%clk 01:24:52]} {[%emt
00:03:28]} g6 {[%clk 00:48:52]} {[%emt 00:01:19]} 24. Re3 {[%clk 01:23:22]}
{[%emt 00:02:00]} d4 {[%clk 00:46:23]} {[%emt 00:03:00]} 25. cxd4 {[%clk
01:21:56]} {[%emt 00:01:55]} Qxd4 {[%clk 00:44:40]} {[%emt 00:02:14]} 26. Qxd4
{[%clk 01:21:54]} {[%emt 00:00:31]} Nxd4 {[%clk 00:44:36]} {[%emt 00:00:34]}
27. Rc1 {[%emt 00:01:18]} c5 {[%emt 00:01:39]} 28. Rxe6 {[%clk 01:20:31]}
{[%emt 00:00:58]} Nxe6 {[%clk 00:43:19]} {[%emt 00:00:45]} 29. a4 {[%clk
01:19:30]} {[%emt 00:01:32]} Rd4 {[%clk 00:41:09]} {[%emt 00:02:35]} 30. b3
{[%clk 01:19:27]} {[%emt 00:00:38]} Rd3 {[%clk 00:41:03]} {[%emt 00:00:36]} 31.
Rb1 {[%clk 01:19:35]} {[%emt 00:00:21]} Nd4 {[%clk 00:41:12]} {[%emt 00:00:21]}
32. Kf1 {[%clk 01:19:58]} {[%emt 00:00:08]} Rxb3 {[%clk 00:40:47]} {[%emt
00:00:55]} 33. Rxb3 {[%clk 01:20:19]} {[%emt 00:00:08]} Nxb3 {[%clk 00:41:13]}
{[%emt 00:00:05]} 34. Ke2 {[%clk 01:20:42]} {[%emt 00:00:06]} Kf8 {[%clk
00:40:53]} {[%emt 00:00:51]} 35. Kd3 {[%clk 01:20:59]} {[%emt 00:00:13]} Ke7
{[%clk 00:40:44]} {[%emt 00:00:38]} 36. Kc4 {[%clk 01:21:21]} {[%emt 00:00:08]}
Nd4 {[%clk 00:41:07]} {[%emt 00:00:07]} 37. Ne4 {[%clk 01:21:22]} {[%emt
00:00:29]} f5 {[%clk 00:40:25]} {[%emt 00:01:13]} 38. Nxc5 {[%clk 01:21:26]}
{[%emt 00:00:25]} bxc5 {[%clk 00:40:36]} {[%emt 00:00:19]} 39. Kxc5 {[%clk
01:21:51]} {[%emt 00:00:06]} Nb3+ {[%clk 00:40:31]} {[%emt 00:00:33]} 40. Kb5
{[%clk 01:21:55]} {[%emt 00:00:26]} Kd6 {[%clk 00:40:38]} {[%emt 00:00:24]} 41.
Kc4 {[%clk 01:22:04]} {[%emt 00:00:21]} Nc5 {[%clk 00:40:51]} {[%emt 00:00:18]}
42. Kb5 {[%clk 01:22:27]} {[%emt 00:00:07]} Kd5 {[%clk 00:38:28]} {[%emt
00:02:53]} 43. Kxa5 {[%clk 01:22:44]} {[%emt 00:00:13]} Kc4 {[%clk 00:38:49]}
{[%emt 00:00:08]} 44. Kb6 {[%clk 01:22:56]} {[%emt 00:00:18]} Nxa4+ {[%clk
00:39:09]} {[%emt 00:00:11]} 45. Kc6 {[%clk 01:23:20]} {[%emt 00:00:05]} Kd4
{[%clk 00:38:41]} {[%emt 00:00:58]} 46. Kd6 {[%clk 01:23:34]} {[%emt 00:00:15]}
Nc5 {[%clk 00:38:51]} {[%emt 00:00:21]} 47. f3 {[%clk 01:23:52]} {[%emt
00:00:11]} Nd3 {[%clk 00:37:47]} {[%emt 00:01:35]} 48. Ke6 {[%clk 01:24:13]}
{[%emt 00:00:10]} Ne1 {[%clk 00:37:49]} {[%emt 00:00:27]} 49. g4 {[%clk
01:24:36]} {[%emt 00:00:08]} f4 {[%clk 00:35:44]} {[%emt 00:02:34]} 50. Kf6
{[%clk 01:24:50]} {[%emt 00:00:16]} Nxf3 {[%clk 00:36:03]} {[%emt 00:00:11]}
51. Kg7 {[%clk 01:25:17]} {[%emt 00:00:03]} Ng5 {[%clk 00:36:24]} {[%emt
00:00:10]} 52. h4 {[%clk 01:25:34]} {[%emt 00:00:13]} f3 {[%clk 00:36:14]}
{[%emt 00:00:40]} 53. hxg5 {[%clk 01:25:54]} {[%emt 00:00:10]} f2 {[%clk
00:36:37]} {[%emt 00:00:07]} 54. Kxh7 {[%clk 01:26:19]} {[%emt 00:00:05]} f1=Q
{[%clk 00:36:58]} {[%emt 00:00:08]} 55. Kxg6 {[%clk 01:26:44]} {[%emt
00:00:05]} Qa6+ {[%clk 00:37:22]} {[%emt 00:00:06]} 56. Kh5 {[%clk 01:27:00]}
{[%emt 00:00:14]} Qb5 {[%clk 00:37:35]} {[%emt 00:00:18]} 57. Kh6 {[%clk
01:27:22]} {[%emt 00:00:07]} Ke5 {[%clk 00:31:30]} {[%emt 00:06:35]} 58. g6
{[%clk 01:26:52]} {[%emt 00:01:00]} Kf6 {[%clk 00:30:20]} {[%emt 00:01:39]} 59.
g5+ {[%clk 01:27:14]} {[%emt 00:00:09]} Qxg5 {[%clk 00:30:43]} {[%emt
00:00:07]} 60. Kh7 {[%clk 01:27:34]} {[%emt 00:00:11]} Qxg6+ {[%clk 00:31:00]}
{[%emt 00:00:12]} 0-1

[Event "ODJM C 2025"]
[Site "Willingen GER"]
[Date "2025.06.10"]
[Round "4"]
[White "Wolf, Anna"]
[Black "Muhl, Justinus"]
[Result "1-0"]
[Termination "normal"]
[Board "12"]
[WhiteElo "1488"]
[BlackElo "1584"]
[WhiteClock "00:15:25"]
[BlackClock "01:01:06"]
[PlyCount "49"]
[WhiteFideId "34616993"]
[BlackFideId "34635190"]
[EventCountry "GER"]
[EventRounds "9"]
[EventType "swiss"]
[EventDate "2025.06.07"]

1. e4 {[%clk 01:30:57]} {[%emt 00:00:03]} e5 {[%clk 01:30:29]} {[%emt
00:00:30]} 2. Nf3 {[%clk 01:31:16]} {[%emt 00:00:11]} Nc6 {[%clk 01:30:28]}
{[%emt 00:00:31]} 3. Bc4 {[%clk 01:31:37]} {[%emt 00:00:09]} Nf6 {[%clk
01:30:27]} {[%emt 00:00:28]} 4. d3 {[%clk 01:31:58]} {[%emt 00:00:12]} Bc5
{[%clk 01:30:20]} {[%emt 00:00:37]} 5. Nc3 {[%clk 01:24:48]} {[%emt 00:07:39]}
h6 {[%clk 01:30:15]} {[%emt 00:00:36]} 6. O-O {[%clk 01:24:03]} {[%emt
00:01:15]} d6 {[%clk 01:27:29]} {[%emt 00:03:16]} 7. h3 {[%clk 01:17:35]}
{[%emt 00:06:57]} O-O {[%clk 01:27:50]} {[%emt 00:00:10]} 8. b3 {[%clk
01:16:51]} {[%emt 00:01:14]} Na5 {[%clk 01:27:09]} {[%emt 00:01:12]} 9. Bb2
{[%clk 01:16:03]} {[%emt 00:01:17]} Nxc4 {[%clk 01:27:33]} {[%emt 00:00:06]}
10. bxc4 {[%clk 01:16:21]} {[%emt 00:00:12]} Be6 {[%clk 01:24:20]} {[%emt
00:03:40]} 11. Ne2 {[%clk 01:09:02]} {[%emt 00:07:51]} Nh5 {[%clk 01:07:20]}
{[%emt 00:17:31]} 12. Qd2 {[%clk 00:51:24]} {[%emt 00:18:08]} f5 {[%clk
01:04:26]} {[%emt 00:03:25]} 13. d4 {[%clk 00:32:59]} {[%emt 00:18:53]} exd4
{[%clk 01:02:58]} {[%emt 00:01:55]} 14. Nfxd4 {[%clk 00:20:11]} {[%emt
00:13:22]} Bxd4 {[%clk 01:02:50]} {[%emt 00:00:38]} 15. Nxd4 {[%clk 00:19:31]}
{[%emt 00:01:11]} Bxc4 {[%clk 01:03:05]} {[%emt 00:00:15]} 16. Nxf5 {[%clk
00:15:58]} {[%emt 00:04:02]} Bxf1 {[%clk 01:01:23]} {[%emt 00:02:12]} 17. Nxh6+
{[%clk 00:15:32]} {[%emt 00:00:56]} gxh6 {[%clk 01:00:18]} {[%emt 00:01:35]}
18. Qxh6 {[%clk 00:15:42]} {[%emt 00:00:20]} Qg5 {[%clk 01:00:26]} {[%emt
00:00:22]} 19. Qxg5+ {[%clk 00:15:47]} {[%emt 00:00:25]} Kf7 {[%clk 01:00:02]}
{[%emt 00:00:53]} 20. Qxh5+ {[%clk 00:15:47]} {[%emt 00:00:31]} Ke7 {[%clk
01:00:13]} {[%emt 00:00:19]} 21. Rxf1 {[%clk 00:15:30]} {[%emt 00:00:47]} Rae8
{[%clk 01:00:28]} {[%emt 00:00:15]} 22. e5 {[%clk 00:15:06]} {[%emt 00:00:53]}
dxe5 {[%clk 01:00:26]} {[%emt 00:00:33]} 23. Qxe5+ {[%clk 00:15:28]} {[%emt
00:00:08]} Kd8 {[%clk 01:00:47]} {[%emt 00:00:07]} 24. Qd4+ {[%clk 00:15:25]}
{[%emt 00:00:35]} Kc8 {[%clk 01:01:06]} {[%emt 00:00:11]} 25. Qxa7 {[%emt
00:00:43]} 1-0

[Event "ODJM C 2025"]
[Site "Willingen GER"]
[Date "2025.06.10"]
[Round "4"]
[White "Winkler, Theo"]
[Black "Servin, Erik Phileas Große"]
[Result "1-0"]
[Termination "normal"]
[Board "13"]
[WhiteElo "1466"]
[BlackElo "1041"]
[WhiteClock "00:37:17"]
[BlackClock "00:31:56"]
[PlyCount "77"]
[WhiteFideId "34622330"]
[BlackFideId "533043744"]
[EventCountry "GER"]
[EventRounds "9"]
[EventType "swiss"]
[EventDate "2025.06.07"]

1. e4 {[%clk 01:30:57]} {[%emt 00:00:02]} e5 {[%clk 01:30:52]} {[%emt
00:00:09]} 2. Nf3 {[%clk 01:31:21]} {[%emt 00:00:07]} Nf6 {[%clk 01:31:11]}
{[%emt 00:00:10]} 3. Nxe5 {[%clk 01:31:43]} {[%emt 00:00:07]} d6 {[%clk
01:31:34]} {[%emt 00:00:09]} 4. Nf3 {[%clk 01:32:07]} {[%emt 00:00:05]} Nxe4
{[%clk 01:31:49]} {[%emt 00:00:16]} 5. c4 {[%clk 01:31:54]} {[%emt 00:00:42]}
c6 {[%clk 01:31:21]} {[%emt 00:00:58]} 6. d3 {[%clk 01:26:22]} {[%emt
00:06:02]} Nf6 {[%clk 01:31:20]} {[%emt 00:00:31]} 7. Nc3 {[%clk 01:23:39]}
{[%emt 00:03:14]} Be7 {[%clk 01:25:33]} {[%emt 00:06:17]} 8. Be2 {[%clk
01:20:49]} {[%emt 00:03:19]} O-O {[%clk 01:25:34]} {[%emt 00:00:30]} 9. O-O
{[%clk 01:21:00]} {[%emt 00:00:18]} Re8 {[%clk 01:24:32]} {[%emt 00:01:32]} 10.
d4 {[%clk 01:18:01]} {[%emt 00:03:28]} d5 {[%clk 01:24:20]} {[%emt 00:00:43]}
11. c5 {[%clk 01:17:37]} {[%emt 00:00:54]} Bf5 {[%clk 01:23:36]} {[%emt
00:01:13]} 12. Bd3 {[%clk 01:15:41]} {[%emt 00:02:26]} Bxd3 {[%clk 01:22:33]}
{[%emt 00:01:34]} 13. Qxd3 {[%clk 01:16:03]} {[%emt 00:00:07]} b6 {[%clk
01:21:33]} {[%emt 00:01:32]} 14. b4 {[%clk 01:14:51]} {[%emt 00:01:41]} Nbd7
{[%clk 01:20:20]} {[%emt 00:01:43]} 15. Re1 {[%clk 01:12:20]} {[%emt 00:03:00]}
Qc7 {[%clk 01:19:00]} {[%emt 00:01:51]} 16. Qf5 {[%clk 01:04:37]} {[%emt
00:08:12]} g6 {[%clk 01:13:32]} {[%emt 00:05:59]} 17. Qd3 {[%clk 00:59:59]}
{[%emt 00:05:07]} bxc5 {[%emt 00:02:20]} 18. bxc5 {[%emt 00:00:12]} Rab8 {[%clk
01:10:26]} {[%emt 00:01:04]} 19. Bg5 {[%clk 00:58:48]} {[%emt 00:01:41]} Qa5
{[%clk 01:06:32]} {[%emt 00:04:25]} 20. Re2 {[%clk 00:55:08]} {[%emt 00:04:08]}
Nf8 {[%clk 01:00:48]} {[%emt 00:06:15]} 21. Rae1 {[%clk 00:52:31]} {[%emt
00:03:07]} Ne6 {[%clk 01:00:40]} {[%emt 00:00:39]} 22. Bh4 {[%clk 00:50:36]}
{[%emt 00:02:24]} Nf4 {[%clk 01:00:21]} {[%emt 00:00:50]} 23. Qd2 {[%clk
00:48:12]} {[%emt 00:02:54]} Nxe2+ {[%clk 01:00:33]} {[%emt 00:00:18]} 24. Rxe2
{[%clk 00:48:34]} {[%emt 00:00:08]} Kg7 {[%clk 00:57:20]} {[%emt 00:03:40]} 25.
Bg5 {[%clk 00:42:09]} {[%emt 00:06:57]} Bf8 {[%clk 00:54:30]} {[%emt 00:03:21]}
26. Bxf6+ {[%clk 00:42:06]} {[%emt 00:00:32]} Kxf6 {[%clk 00:54:45]} {[%emt
00:00:15]} 27. Nxd5+ {[%clk 00:42:24]} {[%emt 00:00:13]} cxd5 {[%clk 00:54:10]}
{[%emt 00:01:06]} 28. Qxa5 {[%clk 00:42:04]} {[%emt 00:00:49]} Rxe2 {[%clk
00:54:30]} {[%emt 00:00:10]} 29. h3 {[%clk 00:40:04]} {[%emt 00:02:30]} Rb1+
{[%clk 00:54:11]} {[%emt 00:00:49]} 30. Kh2 {[%clk 00:40:12]} {[%emt 00:00:22]}
Bh6 {[%clk 00:53:26]} {[%emt 00:01:16]} 31. Qa6+ {[%clk 00:37:59]} {[%emt
00:02:42]} Re6 {[%emt 00:00:38]} 32. Qxa7 {[%emt 00:00:45]} Bf4+ {[%clk
00:48:19]} {[%emt 00:04:14]} 33. g3 {[%clk 00:38:03]} {[%emt 00:00:25]} Be3
{[%clk 00:39:28]} {[%emt 00:09:22]} 34. Ne5 {[%emt 00:07:46]} Rxe5 {[%clk
00:34:59]} 35. dxe5+ {[%clk 00:35:49]} {[%emt 00:00:27]} Kxe5 {[%clk 00:35:04]}
{[%emt 00:00:25]} 36. Qe7+ {[%clk 00:36:08]} {[%emt 00:00:11]} Kd4 {[%clk
00:32:45]} {[%emt 00:02:48]} 37. Qxe3+ {[%clk 00:36:30]} {[%emt 00:00:08]} Kc4
{[%clk 00:32:07]} {[%emt 00:01:08]} 38. c6 {[%clk 00:36:53]} {[%emt 00:00:08]}
Rb8 {[%clk 00:31:56]} {[%emt 00:00:41]} 39. Qf4+ {[%clk 00:37:17]} {[%emt
00:00:05]} 1-0

[Event "ODJM C 2025"]
[Site "Willingen GER"]
[Date "2025.06.10"]
[Round "4"]
[White "Börner, Martha"]
[Black "Frey, Jarmo"]
[Result "1-0"]
[Termination "normal"]
[Board "14"]
[WhiteElo "1211"]
[BlackElo "1404"]
[WhiteClock "01:27:12"]
[BlackClock "01:23:47"]
[PlyCount "87"]
[WhiteFideId "34665382"]
[BlackFideId "533001324"]
[EventCountry "GER"]
[EventRounds "9"]
[EventType "swiss"]
[EventDate "2025.06.07"]

1. c4 {[%clk 01:30:54]} {[%emt 00:00:07]} c6 {[%clk 01:31:10]} {[%emt
00:00:20]} 2. g3 {[%clk 01:30:50]} {[%emt 00:00:34]} e6 {[%clk 01:31:22]}
{[%emt 00:00:18]} 3. Nc3 {[%clk 01:30:25]} {[%emt 00:00:53]} d5 {[%clk
01:31:41]} {[%emt 00:00:13]} 4. d3 {[%clk 01:30:35]} {[%emt 00:00:20]} f5
{[%clk 01:31:47]} {[%emt 00:00:22]} 5. Nf3 {[%clk 01:30:18]} {[%emt 00:00:49]}
Bd6 {[%clk 01:31:52]} {[%emt 00:00:24]} 6. Bg5 {[%clk 01:30:21]} {[%emt
00:00:27]} Nf6 {[%clk 01:32:03]} {[%emt 00:00:20]} 7. e4 {[%clk 01:29:45]}
{[%emt 00:01:06]} Be7 {[%clk 01:32:02]} {[%emt 00:00:30]} 8. e5 {[%clk
01:28:44]} {[%emt 00:01:32]} Nh5 {[%clk 01:31:15]} {[%emt 00:01:17]} 9. Bxe7
{[%clk 01:28:23]} {[%emt 00:00:51]} Qxe7 {[%clk 01:31:32]} {[%emt 00:00:12]}
10. Nd4 {[%clk 01:28:36]} {[%emt 00:00:17]} g6 {[%clk 01:30:20]} {[%emt
00:01:42]} 11. Be2 {[%clk 01:28:43]} {[%emt 00:00:21]} Ng7 {[%clk 01:30:21]}
{[%emt 00:00:31]} 12. O-O {[%clk 01:27:34]} {[%emt 00:01:40]} Nd7 {[%clk
01:29:26]} {[%emt 00:01:26]} 13. f4 {[%clk 01:26:06]} {[%emt 00:01:57]} g5
{[%clk 01:28:39]} {[%emt 00:01:16]} 14. Bh5+ {[%clk 01:25:24]} {[%emt
00:01:12]} Nxh5 {[%clk 01:28:45]} {[%emt 00:00:25]} 15. Qxh5+ {[%clk 01:25:47]}
{[%emt 00:00:06]} Kd8 {[%clk 01:28:40]} {[%emt 00:00:35]} 16. Qxg5 {[%clk
01:25:19]} {[%emt 00:00:58]} Qxg5 {[%clk 01:28:53]} {[%emt 00:00:18]} 17. fxg5
{[%clk 01:25:41]} {[%emt 00:00:08]} Nxe5 {[%clk 01:27:36]} {[%emt 00:01:46]}
18. Rad1 {[%clk 01:24:23]} {[%emt 00:01:49]} Ng4 {[%clk 01:27:22]} {[%emt
00:00:44]} 19. Rde1 {[%clk 01:24:10]} {[%emt 00:00:42]} h6 {[%clk 01:27:02]}
{[%emt 00:00:50]} 20. h3 {[%clk 01:24:05]} {[%emt 00:00:36]} e5 {[%clk
01:26:04]} {[%emt 00:01:28]} 21. Nxc6+ {[%clk 01:24:01]} {[%emt 00:00:34]} bxc6
{[%clk 01:26:16]} {[%emt 00:00:18]} 22. hxg4 {[%clk 01:24:24]} {[%emt
00:00:07]} fxg4 {[%clk 01:25:39]} {[%emt 00:01:06]} 23. g6 {[%clk 01:24:27]}
{[%emt 00:00:28]} Be6 {[%clk 01:25:16]} {[%emt 00:00:53]} 24. Rxe5 {[%clk
01:24:29]} {[%emt 00:00:27]} Ke7 {[%clk 01:25:29]} {[%emt 00:00:17]} 25. c5
{[%clk 01:24:16]} {[%emt 00:00:43]} h5 {[%clk 01:24:29]} {[%emt 00:01:31]} 26.
Rf7+ {[%clk 01:24:27]} {[%emt 00:00:16]} Kd8 {[%clk 01:22:54]} {[%emt
00:02:07]} 27. Rxe6 {[%clk 01:24:44]} {[%emt 00:00:13]} Rh6 {[%clk 01:22:00]}
{[%emt 00:01:25]} 28. Rd6+ {[%clk 01:24:50]} {[%emt 00:00:24]} Ke8 {[%clk
01:21:36]} {[%emt 00:00:53]} 29. Rh7 {[%clk 01:24:53]} {[%emt 00:00:27]} Rxh7
{[%clk 01:21:38]} {[%emt 00:00:28]} 30. gxh7 {[%clk 01:25:15]} {[%emt
00:00:08]} Kf7 {[%clk 01:21:23]} {[%emt 00:00:45]} 31. Rh6 {[%clk 01:24:48]}
{[%emt 00:00:58]} Kg7 {[%clk 01:21:44]} {[%emt 00:00:09]} 32. Rxh5 {[%clk
01:25:03]} {[%emt 00:00:15]} Rh8 {[%clk 01:22:00]} {[%emt 00:00:14]} 33. Ne2
{[%clk 01:25:17]} {[%emt 00:00:16]} Rxh7 {[%clk 01:22:02]} {[%emt 00:00:28]}
34. Rxh7+ {[%clk 01:25:34]} {[%emt 00:00:13]} Kxh7 {[%clk 01:22:16]} {[%emt
00:00:15]} 35. Nd4 {[%clk 01:25:57]} {[%emt 00:00:08]} Kg7 {[%clk 01:22:24]}
{[%emt 00:00:22]} 36. Nxc6 {[%clk 01:25:45]} {[%emt 00:00:42]} Kf7 {[%clk
01:22:39]} {[%emt 00:00:15]} 37. Nxa7 {[%clk 01:26:08]} {[%emt 00:00:07]} Ke7
{[%clk 01:23:04]} {[%emt 00:00:05]} 38. b4 {[%clk 01:26:22]} {[%emt 00:00:16]}
Kd7 {[%clk 01:23:28]} {[%emt 00:00:06]} 39. c6+ {[%clk 01:26:41]} {[%emt
00:00:11]} Kc7 {[%clk 01:23:43]} {[%emt 00:00:15]} 40. b5 {[%clk 01:26:58]}
{[%emt 00:00:13]} d4 {[%clk 01:23:12]} {[%emt 00:01:00]} 41. a4 {[%clk
01:26:38]} {[%emt 00:00:51]} Kb6 {[%clk 01:23:24]} {[%emt 00:00:19]} 42. a5+
{[%clk 01:26:53]} {[%emt 00:00:15]} Kc7 {[%clk 01:23:47]} {[%emt 00:00:06]} 43.
b6+ {[%clk 01:27:12]} {[%emt 00:00:11]} Kd6 {[%emt 00:01:08]} 44. c7 {[%emt
00:00:46]} 1-0

[Event "ODJM C 2025"]
[Site "Willingen GER"]
[Date "2025.06.10"]
[Round "4"]
[White "Kutz, Henning Jasper"]
[Black "Hempel, Christian"]
[Result "1-0"]
[Termination "normal"]
[Board "17"]
[WhiteElo "1552"]
[BlackElo "1457"]
[WhiteClock "01:13:45"]
[BlackClock "00:40:50"]
[PlyCount "51"]
[WhiteFideId "34612882"]
[BlackFideId "34660470"]
[EventCountry "GER"]
[EventRounds "9"]
[EventType "swiss"]
[EventDate "2025.06.07"]

1. e4 {[%clk 01:30:59]} e6 {[%clk 01:30:54]} {[%emt 00:00:07]} 2. d4 {[%clk
01:31:23]} {[%emt 00:00:04]} d5 {[%clk 01:31:20]} {[%emt 00:00:06]} 3. e5
{[%clk 01:31:46]} {[%emt 00:00:05]} c5 {[%clk 01:31:42]} {[%emt 00:00:07]} 4.
c3 {[%clk 01:32:10]} {[%emt 00:00:06]} Nc6 {[%clk 01:32:00]} {[%emt 00:00:12]}
5. Nf3 {[%clk 01:32:33]} {[%emt 00:00:08]} Qb6 {[%clk 01:32:19]} {[%emt
00:00:11]} 6. Be3 {[%clk 01:32:16]} {[%emt 00:00:46]} Bd7 {[%clk 01:32:16]}
{[%emt 00:00:33]} 7. Qc2 {[%clk 01:32:32]} {[%emt 00:00:14]} cxd4 {[%clk
01:31:48]} {[%emt 00:00:58]} 8. cxd4 {[%clk 01:32:54]} {[%emt 00:00:07]} Nge7
{[%clk 01:31:51]} {[%emt 00:00:28]} 9. Nc3 {[%clk 01:33:05]} {[%emt 00:00:19]}
Nf5 {[%clk 01:31:27]} {[%emt 00:00:54]} 10. O-O-O {[%clk 01:32:35]} {[%emt
00:01:00]} Nxe3 {[%clk 01:29:19]} {[%emt 00:02:38]} 11. fxe3 {[%clk 01:32:57]}
{[%emt 00:00:08]} Bb4 {[%clk 01:29:21]} {[%emt 00:00:28]} 12. Na4 {[%clk
01:32:49]} {[%emt 00:00:38]} Qc7 {[%clk 01:26:48]} {[%emt 00:03:03]} 13. a3
{[%clk 01:31:11]} {[%emt 00:02:09]} Be7 {[%clk 01:24:54]} {[%emt 00:02:24]} 14.
Bd3 {[%clk 01:30:11]} {[%emt 00:01:30]} O-O {[%clk 01:24:16]} {[%emt 00:01:08]}
15. Bxh7+ {[%clk 01:29:08]} {[%emt 00:01:32]} Kh8 {[%clk 01:24:27]} {[%emt
00:00:19]} 16. Bd3 {[%clk 01:29:11]} {[%emt 00:00:26]} Rac8 {[%clk 01:19:04]}
{[%emt 00:05:54]} 17. Kb1 {[%clk 01:28:43]} {[%emt 00:00:58]} a6 {[%clk
01:14:31]} {[%emt 00:05:03]} 18. h4 {[%clk 01:28:10]} {[%emt 00:01:03]} b5
{[%clk 01:12:33]} {[%emt 00:02:29]} 19. Nc5 {[%clk 01:27:56]} {[%emt 00:00:43]}
Bxc5 {[%clk 01:09:04]} {[%emt 00:04:00]} 20. Qxc5 {[%clk 01:28:09]} {[%emt
00:00:16]} Qb7 {[%clk 01:05:15]} {[%emt 00:04:19]} 21. Qc1 {[%clk 01:26:19]}
{[%emt 00:02:21]} Nxd4 {[%clk 00:53:54]} {[%emt 00:11:51]} 22. Qd2 {[%clk
01:23:19]} {[%emt 00:03:30]} Nb3 {[%clk 00:50:39]} {[%emt 00:03:45]} 23. Qe2
{[%clk 01:17:43]} {[%emt 00:06:05]} Rc7 {[%clk 00:46:44]} {[%emt 00:04:27]} 24.
Bc2 {[%clk 01:17:00]} {[%emt 00:01:12]} Na5 {[%clk 00:44:57]} {[%emt 00:02:18]}
25. Ng5 {[%clk 01:16:06]} {[%emt 00:01:24]} Bc6 {[%clk 00:40:50]} {[%emt
00:04:37]} 26. Qh5+ {[%clk 01:13:45]} {[%emt 00:02:50]} 1-0